Samuel W. Bodman nomination : hearing before the Committee on Energy and Natural Resources, United States Senate, One Hundred Ninth Congress, first session, to consider the nomination of Samuel W. Bodman to be Secretary of Energy, January 19, 2005.

Bibliographic Details
Corporate Authors: United States. Congress. Senate. Committee on Energy and Natural Resources, ProQuest (Firm)
Format: eBook
Language:English
Published: Washington : U.S. G.P.O. : 2005.
Series:U.S. Congressional Hearings.
Subjects:
Online Access:Connect to the full text of this electronic book

MARC

Tag First Indicator Second Indicator Subfields
LEADER 00000cam a22000001a 4500
001 in00003334521
006 m d f
007 cr bn mmmapmmp
008 110909s2005 dcu o f000 0 eng d
005 20260604201806.7
035 |a chdc200501019 
040 |a ProQuest  |c ProQuest  |d UtOrBLW 
043 |a n-us--- 
074 |a 1040-A 
074 |a 1040-A (online) 
074 |a 1040-B (MF) 
074 |a 1040-B (online) 
099 |a HRG-2005-NAR-0075 
110 1 |a United States.  |b Congress.  |b Senate.  |b Committee on Energy and Natural Resources. 
245 1 0 |a Samuel W. Bodman nomination :  |b hearing before the Committee on Energy and Natural Resources, United States Senate, One Hundred Ninth Congress, first session, to consider the nomination of Samuel W. Bodman to be Secretary of Energy, January 19, 2005. 
264 1 |a Washington :  |b U.S. G.P.O. :  |c 2005. 
264 2 |a Washington :  |b For sale by the Supt. of Docs., U.S. G.P.O., 
300 |a 1 online resource. 
336 |a text  |b txt  |2 rdacontent 
337 |a computer  |b c  |2 rdamedia 
338 |a online resource  |b cr  |2 rdacarrier 
490 1 |a S. hrg. ;  |v 109-1 
500 |a "Printed for the use of the Committee on Energy and Natural Resources." 
500 |a Distributed to some depository libraries in microfiche. 
500 |a Shipping list number: 2005-0143-P. 
530 |a Also available via Internet from the GPO Access web site. Addresses as of 6/24/05: http://frwebgate.access.gpo.gov/cgi-bin/getdoc.cgi?dbname=109%5Fsenate%5Fhearings&docid=f:99513.wais (text version), http://frwebgate.access.gpo.gov/cgi-bin/getdoc.cgi?dbname=109%5Fsenate%5Fhearings&docid=f:99513.pdf (PDF version); current access is available via PURLs. 
500 |a Reuse of record except for individual research requires license from ProQuest, LLC. 
500 |a Electronic resource. 
538 |a System requirements: PDF reader software. 
600 1 0 |a Bodman, Samuel W.,  |d 1938- 
610 1 0 |a United States.  |b Department of Energy  |x Officials and employees  |x Selection and appointment. 
655 7 |a Electronic books.  |2 local 
710 2 |a ProQuest (Firm) 
776 0 8 |i Print version:   |a United States.Congress.Senate.Committee on Energy and Natural Resources.  |t Samuel W. Bodman nomination  |w (DLC)2006415511  |w (OCoLC)ocm58731026  |z 0160744792 
776 0 8 |i Microfiche version:   |a United States.Congress.Senate.Committee on Energy and Natural Resources.  |t Samuel W. Bodman nomination  |d [Bethesda, Md.] : ProQuest LLC, [2004]  |o CIS 2005 S311-16  |w (ProQuest)cis00502036 
810 1 |a United States.  |b Congress.  |b Senate.  |t S. hrg. ;  |v 109-1. 
830 0 |a U.S. Congressional Hearings. 
856 4 0 |u http://proxy.library.tamu.edu/login?url=https://congressional.proquest.com/congcomp/getdoc?HEARING-ID=HRG-2005-NAR-0075  |z Connect to the full text of this electronic book  |t 0 
998 |a cis00502036 
999 |a MARS 
999 f f |s 9013b7d8-71b0-3c90-aaba-0924af7f5e90  |i c228556b-f87d-35d7-bb0b-d4f0e338515c  |t 0 
952 f f |a Texas A&M University  |b College Station  |c Electronic Resources  |s www_evans  |d Available Online  |t 0  |e HRG-2005-NAR-0075  |h Other scheme 
998 f f |a HRG-2005-NAR-0075  |t 0  |l Available Online